000 01363nam a22003137a 4500
003 OSt
005 20240520221856.0
008 240520b ||||| |||| 00| 0 eng d
040 _bEnglish.
_cCvSU-CCAT Campus Library.
_erda.
050 _aUM QA 76.774
_bD66 2016
100 _aDomasian, Amador Jr. B., author.
_912877
245 _aDevelopment of a mobile application in Mechanics Physics tutorial /
_cAmador B. Domasian Jr., Charles Darwin M. Guevarra, and John Paulo S. Lim.
260 _aRosario, Cavite :
_bCavite State University-CCAT Campus,
_c2016.
300 _axvi, 81 leaves :
_billustrations ;
_c28 cm
500 _aA Project Design (BSCS) -- Cavite State University-CCAT Campus, 2016.
504 _aIncludes bibliographical references and appendices.
546 _aIn English text.
650 _aMobile application.
_95366
650 _aApplication.
_912843
650 _aMechanics Physics.
_912878
650 _aMobile apps -- Development.
_911819
650 _aApplication software -- Development.
_99099
700 _aGuevarra, Charles Darwin M., author.
_912879
700 _aLim, John Paulo S., author.
_912880
700 _aAndoy, Rafael Arlen IV M., adviser.
_912881
700 _aMuyot, Allen Jhon C., technical adviser.
_912882
942 _2lcc
_cT/M/D
_hQA 76.774 D66 2016
_kUM
999 _c3454
_d3454